عرض عادي
عرض مارك
- Wilde, Oscar,
مدخل إسم شخص
001 - رقم الضبط
- حقل الضبط: 8090
003 - معرف رقم الضبط
- حقل الضبط: OSt
005 - تاريخ ووقت أخر عملية
- حقل الضبط: 20111213144816.0
008 - عناصر بيانات ثابتة الطول
- حقل تحكم ثابت الطول: 111213|||a|||||| | ||| d
040 ## - مصدر الفهرسة
- هيئة الفهرسة الأصلية: OSt
- وكالة الكتابة: OSt
100 ## - مدخل -- أسم شخص
- إسم شخص: Wilde, Oscar,
- تواريخ مرتبطة بالاسم: 1854-1900
- تفريع عام: Political and social views.
670 ## - بيانات المصدر موجوده
- الاستشهاد بالمصدر: Work cat.: (OSt)20773: Sloan, John, 1948- 7669, Oscar Wilde /, 2009
